00278nam a2200121Ia 4500008004100000041000900041082001800050100001500068245002500083260003200108300000800140650000800148230718s9999 xx 000 0 und d aEng. a342.02bKAK-T aKakakir, M 4aThe Constitution of  aPakistanbG.M. Chistyc2004 a940 aLaw